Re-estructurando empresas (Registro nro. 2542)

Detalles MARC
000 -LEADER
fixed length control field 01094 a2200229 4500
001 - CONTROL NUMBER
control field 35090
005 - DATE AND TIME OF LATEST TRANSACTION
control field 20260407155635.0
008 - FIXED-LENGTH DATA ELEMENTS--GENERAL INFORMATION
fixed length control field 260407a1994 arg spa d
003 - CONTROL NUMBER IDENTIFIER
control field AR-UNSa-BCEJYS
040 ## - CATALOGING SOURCE
Original cataloging agency AR-UNSa-BCEJYS
Language of cataloging spa
Transcribing agency AR-UNSa-BCEJYS
080 ## - UNIVERSAL DECIMAL CLASSIFICATION NUMBER
Universal Decimal Classification number 658.014
Common auxiliary subdivision Estructura organizativa. Jerarquización. (Organigrama)
020 ## - INTERNATIONAL STANDARD BOOK NUMBER
International Standard Book Number 950-537-289-2
100 1# - MAIN ENTRY--PERSONAL NAME
Personal name Serra, Roberto
245 10 - TITLE STATEMENT
Title Re-estructurando empresas
Name of part/section of a work las nuevas estructuras de redes para diseñar las organizaciones del próximo siglo
264 #1 - PRODUCTION, PUBLICATION, DISTRIBUTION, MANUFACTURE, AND COPYRIGHT NOTICE
Place of production, publication, distribution, manufacture Buenos Aires :
Name of producer, publisher, distributor, manufacturer Ediciones Macchi
Date of production, publication, distribution, manufacture, or copyright notice 1994
300 ## - PHYSICAL DESCRIPTION
Extent 277 p.
Dimensions 23 cm.
505 ## - FORMATTED CONTENTS NOTE
Formatted contents note 1. Visión mecanica de la empresa - 2. ¿Para que sirven los organigramas? - 3. La empresa dentro de una red dinamica de variables - 4. Las empresas como sistemas dinamicos - 5. Interacción estrategia- estructura-cultura - 6. Configuraciones estracturales - 7. Estructura de redes -
590 ## - LOCAL NOTE (RLIN)
Local note niveau_biblio:m niveau_hierar:0
700 1# - ADDED ENTRY--PERSONAL NAME
Personal name Kastika, Eduardo
856 41 - ELECTRONIC LOCATION AND ACCESS
Uniform Resource Identifier <a href="https://biblioeco.unsa.edu.ar/pmb/images/libros/L65250.jpg">https://biblioeco.unsa.edu.ar/pmb/images/libros/L65250.jpg</a>
Link text Imagen de portada
Electronic format type image/jpeg
942 ## - ADDED ENTRY ELEMENTS (KOHA)
Koha item type
Existencias
Withdrawn status Lost status Damaged status Not for loan Home library Current library Shelving location Date acquired Total checkouts Full call number Barcode Date last seen Price effective from Koha item type
        Biblioteca Prof. Eusebio Cleto del Rey Biblioteca Prof. Eusebio Cleto del Rey   07/04/2026   658.014 S487 L65250 07/04/2026 07/04/2026 Libro
        Biblioteca Prof. Eusebio Cleto del Rey Biblioteca Prof. Eusebio Cleto del Rey   07/04/2026   658.014 S487 L65249 07/04/2026 07/04/2026 Libro